01045nam a2200157 a 4500008004100000020001800041041000800059100001800067245006100085250001100146260004100157300002100198500010200219505055100321655001500872190917e2016 ag |||g |||| 001 0 spa d a9789876466264 aspa1 aCastro, Lucas6 aYa no anula la luna.bPoesía acumulada /cLucas Castro a1a ed. aCórdoba:bAlción editora;c2016. a86 p.c14x20 cm. aCastro, L. (2016). Ya no anula la luna. Poesía acumulada. (1a ed.). Cordoba : Alción editora. aEl primero de Lucas Castro, un libro a disposición del milagro de la poesía. Desde Cipolletti, su lugar en le mundo, Castro se arroja a la ambigüedad de la nombrada realidad. En esa brecha que hay entre los que hacen y los que deshacen la vida de la vida, Castro está con lo que sueñan a rajacincha. No el tiembla el pulso, asume el raro coraje de un primer libro que elige el despojo adjetivo. Se hace cargo de su ventana y mira viendo, con solidaria lucidez, la "transgresión/ insoportable/ de los que deben llevar/ ninguna cruz".  aLiteratura